|
|
|
|
| LEADER |
00000nam2a2200000 4500 |
| 001 |
306923 |
| 005 |
20231102001937.0 |
| 035 |
|
|
|a (RuTPU)RU\TPU\book\332200
|
| 090 |
|
|
|a 306923
|
| 100 |
|
|
|a 20151013d1983 km y0rusy50 ca
|
| 101 |
0 |
|
|a rus
|
| 102 |
|
|
|a RU
|
| 105 |
|
|
|a a z 001zy
|
| 200 |
0 |
|
|a Т. 16
|f под ред. С. В. Емельянова
|
| 210 |
|
|
|d 1983
|
| 215 |
|
|
|a 308 с.
|c ил.
|
| 320 |
|
|
|a Библиогр. в конце ст.
|
| 461 |
|
1 |
|0 (RuTPU)RU\TPU\book\164629
|x 0130-6774
|t Техническая кибернетика
|f Академия наук СССР (АН СССР), Всесоюзный институт научной и технической информации (ВИНИТИ)
|v Т. 16
|d 1967-1991
|s Техническая кибернетика
|
| 606 |
1 |
|
|a Кибернетика техническая
|2 stltpush
|3 (RuTPU)RU\TPU\subj\39479
|9 59558
|
| 610 |
1 |
|
|a оптимизация
|
| 610 |
1 |
|
|a рекуррективные алгоритмы
|
| 610 |
1 |
|
|a неопределенности
|
| 610 |
1 |
|
|a сходимость
|
| 610 |
1 |
|
|a скорость
|
| 610 |
1 |
|
|a оптимальные алгоритмы
|
| 610 |
1 |
|
|a оптимальность
|
| 610 |
1 |
|
|a робастные алгоритмы
|
| 610 |
1 |
|
|a автоматизированное проектирование
|
| 610 |
1 |
|
|a измерительные системы
|
| 610 |
1 |
|
|a АСУ
|
| 610 |
1 |
|
|a технологические процессы
|
| 610 |
1 |
|
|a дискретные динамические системы
|
| 610 |
1 |
|
|a дискретное время
|
| 675 |
|
|
|a 681.51
|v 4
|
| 702 |
|
1 |
|a Емельянов
|b С. В.
|4 340
|
| 801 |
|
1 |
|a RU
|b 63413507
|c 20151013
|
| 801 |
|
2 |
|a RU
|b 63413507
|c 20190508
|g RCR
|
| 942 |
|
|
|c BK
|